Handicap : dénoncer les idées reçues - Statistiques

Statistiques générales
  • Ce quiz a été pris 562 fois
    545 depuis la dernière actualisation
  • Le résultat moyen est 5 sur 6
Answers on the Grid
Answers color-coded by a green-red scale on the quiz's grid according to % correct below.
La majorité des handicaps sont des handicaps visibles.
Les établissements scolaires sont obligés d'être accessibles aux personnes en situation de handicap.
Handicap mental et handicap psychique, c'est la même chose.
Les bureaux de tabac sont obligés d'être accessibles aux personnes en situation de handicap.
Dyslexie, dyscalculie, dyspraxie sont reconnues comme des handicaps.
On peut stationner sur une place handicapée si on n'y reste pas longtemps.
Les AESH ont pour mission de favoriser l'autonomie des élèves en situation de handicap.
Une personne souffrant d'allergie peut se retrouver en situation de handicap.
Le handicap survient majoritairement au moment de la naissance.
La définition légale du handicap, en France, ne date que de 2005.
 
Statistiques - réponses
Réponse % Correct
Dyslexie, dyscalculie, dyspraxie sont reconnues comme des handicaps.
86%
Les établissements scolaires sont obligés d'être accessibles aux personnes en situation de handicap.
86%
Les AESH ont pour mission de favoriser l'autonomie des élèves en situation de handicap.
84%
La définition légale du handicap, en France, ne date que de 2005.
80%
Les bureaux de tabac sont obligés d'être accessibles aux personnes en situation de handicap.
76%
Une personne souffrant d'allergie peut se retrouver en situation de handicap.
76%
Aucun quiz correspondant
Distribution des résultats
% des personnes avec chaque résultat
Percentile par nombre de réponses
Votre historique - résultats
Vous n’avez pas pris ce quiz depuis la dernière actualisation